MARC

LEADER 00000nam0a2200000 4500
001 25451
005 20231030200953.0
035 |a (RuTPU)RU\TPU\book\25687 
035 |a BOOK00025762 
090 |a 25451 
100 |a 20011209d2000 k y0rusy50 ca 
101 0 |a rus 
102 |a RU 
105 |a a g 001zy 
200 1 |a Бутены. Физико-химические свойства  |e справочник  |f Г. П. Белов 
210 |a Черноголовка  |c [Б. и.]  |d 2000 
215 |a 136 с.  |c ил. 
320 |a Библиогр. в конце глав. 
610 1 |a химическая технология 
610 1 |a углеводороды 
610 1 |a бутены 
610 1 |a физико-химические свойства 
610 1 |a фазовое равновесие 
610 1 |a бинарные системы 
610 1 |a растворимость 
610 1 |a справочники 
675 |a 665.633(03)  |v 3 
700 1 |a Белов  |b Г. П.  |g Геннадий Петрович 
801 0 |a RU  |b 63413507  |c 20011209  |g PSBO 
801 2 |a RU  |b 63413507  |c 20160726  |g PSBO 
942 |c BK